L´Ingenieux Hidalgo Don Quichotte de la Manche (Record no. 2827)

MARC details
000 -CABECERA
campo de control de longitud fija 01537nam a2200313 a 4500
001 - NÚMERO DE CONTROL
campo de control BRCA_3091
005 - FECHA Y HORA DE LA ÚLTIMA TRANSACCIÓN
campo de control 20190320204116.0
008 - DATOS DE LONGITUD FIJA--INFORMACIÓN GENERAL
campo de control de longitud fija 280109s1836----fr-a---###---#000-0dfre-u
041 ## - CÓDIGO DE LENGUA
Código de lengua del texto/banda sonora o título independiente fre
044 ## - CÓDIGO DEL PAÍS DE LA ENTIDAD EDITORA/PRODUCTORA
Código MARC del país fr
084 ## - OTRO NÚMERO DE CLASIFICACIÓN
Número de clasificación 401
Número de documento/Ítem .D83
-- 1836
100 1# - ENTRADA PRINCIPAL--NOMBRE DE PERSONA
Nombre de persona Cervantes Saavedra, Miguel de
Fechas asociadas al nombre 1547-1616
9 (RLIN) 213
245 10 - MENCIÓN DE TÍTULO
Título L´Ingenieux Hidalgo Don Quichotte de la Manche
Mención de responsabilidad, etc. Miguel de Cervantes Saavedra ; Traduit et Annoté par Louis Viardot ; Vignetes de Tony Johannot.
260 ## - PUBLICACIÓN, DISTRIBUCIÓN, ETC.
Lugar de publicación, distribución, etc. París
Nombre del editor, distribuidor, etc. J. J. Dubochet
Fecha de publicación, distribución, etc. 1836
300 ## - DESCRIPCIÓN FÍSICA
Extensión 2 v.
Otras características físicas il.
Dimensiones 27 cm.
500 ## - NOTA GENERAL
Nota general Contenido : v 1. Primera parte. Noticia sobre la vida y obra de Cervantes. Prólogo del autor. Texto. -- v 2. Segunda parte. Prólogo del autor. Texto
500 ## - NOTA GENERAL
Nota general Edición conforme en todo a la LO-400, de 1836-37, de los mismos editores, quienes con los ejemplares sobrantes del tomo I, y de otro II, que hicieron imprimir en 1840 por G. Silbermann, en Strasbourg, completa la presente. Piel fina; lomeras y cubiertas decoradas con dorados Lúdovik Osterc
500 ## - NOTA GENERAL
Nota general QM996
546 ## - NOTA DE LENGUA/LENGUAJE
Nota de lengua/lenguaje Texto en : francés
650 14 - PUNTO DE ACCESO ADICIONAL DE MATERIA--TÉRMINO DE MATERIA
Término de materia o nombre geográfico como elemento de entrada Novela española
Subdivisión cronológica Época clásica, 1500-1700
9 (RLIN) 215
650 14 - PUNTO DE ACCESO ADICIONAL DE MATERIA--TÉRMINO DE MATERIA
Término de materia o nombre geográfico como elemento de entrada Literatura española
Subdivisión cronológica Época clásica, 1500-1700
9 (RLIN) 216
650 14 - PUNTO DE ACCESO ADICIONAL DE MATERIA--TÉRMINO DE MATERIA
Término de materia o nombre geográfico como elemento de entrada Novela española
Subdivisión cronológica Siglo XVII
9 (RLIN) 217
650 14 - PUNTO DE ACCESO ADICIONAL DE MATERIA--TÉRMINO DE MATERIA
Término de materia o nombre geográfico como elemento de entrada Don Quijote (Personaje ficticio)
Término indicativo de función/relación Novela
9 (RLIN) 218
700 1# - PUNTO DE ACCESO ADICIONAL--NOMBRE DE PERSONA
Nombre de persona Viardot, Louis
Fechas asociadas al nombre 1800-1883
Término indicativo de función/relación Biógrafo
9 (RLIN) 8431
700 1# - PUNTO DE ACCESO ADICIONAL--NOMBRE DE PERSONA
Nombre de persona Johannot, Tony
Fechas asociadas al nombre 1803-1852
Término indicativo de función/relación Ilustrador
9 (RLIN) 8432
740 0# - PUNTO DE ACCESO ADICIONAL--TÍTULO RELACIONADO O ANALÍTICO NO CONTROLADO
Título relacionado o analítico no controlado El Ingenioso Hidalgo Don Quijote de la Mancha
902 ## - CATALOGADOR
Iniciales QFM
942 ## - ELEMENTOS DE PUNTO DE ACCESO ADICIONAL (KOHA)
Fuente del sistema de clasificación o colocación Library of Congress Classification
Tipo de ítem Koha Libros
Holdings
Estado de retiro Estado de pérdida Estado dañado No para préstamo Localización permanente Ubicación/localización actual Fecha de adquisición Número de inventario Total de préstamos Signatura topográfica completa Código de barras Fecha visto por última vez Precio válido a partir de Tipo de ítem Koha
El ejemplar forma parte de la colección y puede ser consultado según las políticas vigentes.       Biblioteca del Museo Franz Mayer (Rogerio Casas-Alatriste) Biblioteca del Museo Franz Mayer (Rogerio Casas-Alatriste) 28/01/2009 QM996   401 .D83 1836 (QM996) 3088 22/03/2019 22/03/2019 Libros